[Event "FIDE World Rapid Team"]
[Site "London ENG"]
[Date "2025.06.11"]
[Round "3.2"]
[White "Parker, Jonathan F"]
[Black "Sivakumar, Ashvin"]
[Result "1/2-1/2"]
[WhiteTitle "GM"]
[BlackTitle "FM"]
[WhiteElo "2517"]
[BlackElo "2175"]
[WhiteTeam "Sassy Seniors"]
[BlackTeam "Oxbridge"]
[WhiteFideId "400580"]
[BlackFideId "5804655"]
[EventDate "2025.06.11"]
[EventType "team"]

1. d4 d5 2. c4 e6 3. Nf3 a6 4. cxd5 exd5 5. Nc3 Nf6 6. Bg5 Be6 7. e3 Nbd7 8. Bd3
Bd6 9. O-O c6 10. Qc2 Qc7 11. e4 dxe4 12. Nxe4 Nxe4 13. Bxe4 h6 14. Bh4 O-O 15.
Rfe1 Rfe8 16. a3 Rac8 17. Rad1 Qa5 18. Re3 Bf4 19. Rc3 Nb6 20. Bg3 Bxg3 21. hxg3
Qa4 22. Qb1 Ba2 23. Bh7+ Kh8 24. Qd3 Nd5 25. Rcc1 Nf6 26. Bf5 Be6 27. Ne5 Kg8
28. Bxe6 Rxe6 29. Re1 Rd8 30. Rcd1 c5 31. Nf3 Rxe1+ 32. Rxe1 cxd4 33. Re7 Qc6
34. Re1 Qc5 35. Rd1 Ng4 36. Re1 Nf6 1/2-1/2

[Event "FIDE World Rapid Team"]
[Site "London ENG"]
[Date "2025.06.11"]
[Round "3.3"]
[White "Goh, Jinghan Cameron"]
[Black "Dishman, Stephen"]
[Result "1-0"]
[BlackTitle "FM"]
[WhiteElo "2178"]
[BlackElo "2274"]
[WhiteTeam "Oxbridge"]
[BlackTeam "Sassy Seniors"]
[WhiteFideId "5804540"]
[BlackFideId "403024"]
[EventDate "2025.06.11"]
[EventType "team"]

1. d4 d5 2. c4 dxc4 3. Nf3 Nf6 4. e3 e6 5. Bxc4 a6 6. O-O Nbd7 7. Be2 b5 8. Ne5
Nxe5 9. dxe5 Qxd1 10. Rxd1 Nd5 11. a4 b4 12. a5 Bb7 13. Nd2 Be7 14. Nc4 Bc5 15.
Bd2 O-O 16. Rac1 Rfd8 17. b3 Rab8 18. Kf1 h6 19. Nb2 Bf8 20. Na4 g5 21. Nc5 Nc3
22. Bxc3 Rxd1+ 23. Bxd1 bxc3 24. Rxc3 Bd5 25. Nd7 Rb5 26. Rxc7 Bg7 27. Bh5 Rxa5
28. Rc8+ Kh7 29. Bxf7 Ra1+ 30. Ke2 Ra2+ 31. Ke1 Ra1+ 32. Kd2 Ra2+ 33. Rc2 Bxb3
34. Rxa2 Bxa2 35. f4 gxf4 36. exf4 Bd5 37. f5 Bxg2 38. f6 Bd5 39. fxg7 Kxg7 40.
Bh5 a5 41. Kc3 Bc6 42. Nc5 Bd5 43. Kb2 Kf8 44. Ka3 Ke7 45. Ka4 Ba2 46. Kxa5 Bd5
47. Kb6 Bc4 48. Kc7 Ba2 49. Ne4 Bb3 50. Nf6 Bc4 51. Ng8+ Kf8 52. Nxh6 Kg7 53.
Ng4 Bb3 54. Kd6 Ba2 55. Ke7 Bb3 56. Bf7 Ba4 57. Bxe6 Bb5 58. Bf5 Ba4 59. e6 Bb5
60. Kd8 Kf8 61. e7+ Kf7 62. Bd7 1-0

[Event "FIDE World Rapid Team"]
[Site "London ENG"]
[Date "2025.06.11"]
[Round "3.4"]
[White "Lishoy Gengis Paratazham, Dildarav"]
[Black "Gallagher, Daniel GH"]
[Result "1/2-1/2"]
[WhiteElo "2084"]
[BlackElo "2251"]
[WhiteTeam "Sassy Seniors"]
[BlackTeam "Oxbridge"]
[WhiteFideId "491462"]
[BlackFideId "436550"]
[EventDate "2025.06.11"]
[EventType "team"]

1. e4 e6 2. d4 d5 3. Nc3 Nf6 4. e5 Nfd7 5. f4 c5 6. Nf3 Nc6 7. Be3 cxd4 8. Nxd4
Qb6 9. Qd2 Qxb2 10. Rb1 Qa3 11. Rb3 Qa5 12. Be2 Bb4 13. a3 Bc5 14. Rb5 Qxa3 15.
Rb3 Qa1+ 16. Rb1 Qa5 17. Rb5 Qa1+ 18. Rb1 Qa5 19. Rb5 Qa1+ 1/2-1/2

[Event "FIDE World Rapid Team"]
[Site "London ENG"]
[Date "2025.06.11"]
[Round "3.5"]
[White "Hng, Mei-Xian Eunice"]
[Black "Regan, Natasha K"]
[Result "1/2-1/2"]
[WhiteTitle "WFM"]
[BlackTitle "WIM"]
[WhiteElo "2066"]
[BlackElo "2064"]
[WhiteTeam "Oxbridge"]
[BlackTeam "Sassy Seniors"]
[WhiteFideId "5806585"]
[BlackFideId "403067"]
[EventDate "2025.06.11"]
[EventType "team"]

1. e4 Nf6 2. e5 Nd5 3. Bc4 c6 4. d4 d6 5. Nf3 Bg4 6. h3 Bxf3 7. Qxf3 dxe5 8.
dxe5 e6 9. O-O Nd7 10. Qg3 h6 11. a4 g5 12. Bxd5 cxd5 13. Nc3 a6 14. Re1 Rc8 15.
Be3 Bg7 16. Bd4 Rc4 17. Rad1 O-O 18. b3 Rxd4 19. Rxd4 Qc7 20. Rd3 Bxe5 21. Qf3
Bh2+ 22. Kh1 Ne5 23. Qe2 Nxd3 24. Qxd3 Be5 25. Nd1 Rc8 26. Ne3 Qc3 27. Qe2 Bg7
28. Rd1 d4 29. Nc4 b5 30. Rd3 Qa1+ 31. Rd1 Qc3 32. Rd3 Qb4 33. axb5 axb5 34. Ne5
Bxe5 35. Qxe5 Qc5 36. Qf6 Qxc2 37. Rxd4 Qg6 38. Qf3 Rc5 39. Rd8+ Kg7 40. Qa8 Qf5
41. Rg8+ Kh7 42. Rh8+ Kg6 43. Qg8+ Kf6 44. Qd8+ Kg6 45. Rg8+ Kh7 46. Rh8+ Kg6
47. Rg8+ Kh7 1/2-1/2

[Event "FIDE World Rapid Team"]
[Site "London ENG"]
[Date "2025.06.11"]
[Round "3.1"]
[White "Eren, Ataberk"]
[Black "Rakotomaharo, Fy Antenaina"]
[Result "1/2-1/2"]
[WhiteTitle "IM"]
[BlackTitle "IM"]
[WhiteElo "2423"]
[BlackElo "2441"]
[WhiteTeam "Satranc Istanbul"]
[BlackTeam "Mother Continent"]
[WhiteFideId "6349765"]
[BlackFideId "13100050"]
[EventDate "2025.06.11"]
[EventType "team"]

1. d4 d5 2. Bf4 Nf6 3. e3 Bf5 4. c4 e6 5. Nc3 Bb4 6. Bd3 dxc4 7. Bxc4 Nd5 8. Ne2
Nxf4 9. Nxf4 c5 10. d5 Bxc3+ 11. bxc3 e5 12. Nd3 Nd7 13. O-O O-O 14. Bb5 c4 15.
Bxc4 Rc8 16. Nb2 Nb6 17. Bb3 Rxc3 18. Qd2 Rc8 19. Rac1 Qd6 20. Qa5 a6 21. Rfd1
h5 22. a3 h4 23. h3 e4 24. Qb4 Qg6 25. Kf1 Nd7 26. Nc4 Nc5 27. Nb6 Nd3 28. Nxc8
Bxc8 29. Qxf8+ Kxf8 30. Rxc8+ Ke7 31. Rc7+ Kd8 32. Rc2 b5 33. Rcd2 Qd6 34. Kg1
Qxa3 35. Bc2 Nb2 36. Rb1 Nc4 37. Rdd1 f5 38. d6 Qc3 39. Rbc1 Nb2 40. Rf1 Qd2 41.
Bb3 Qxd6 42. Rc2 Nd3 43. Ba2 f4 44. exf4 Qxf4 45. Rd1 Ke7 46. Bb1 Qe5 47. Re2
Nc5 48. Bxe4 Nxe4 49. Rde1 Kf7 50. Rxe4 Qc7 51. Rxh4 Qc3 52. Rf4+ Kg8 53. Re8+
Kh7 54. Rh4+ Kg6 55. Re6+ Kf7 56. Rxa6 Qe1+ 57. Kh2 Qxf2 58. Rg4 Qb2 59. Ra7+
Kf8 60. Ra8+ Kf7 61. Ra7+ Kf8 62. Rd7 Qe5+ 63. Rg3 b4 64. Rd3 Kg8 65. Rb3 Qd6
66. Rf3 Qe5 67. Rd3 Qf4 68. Rb3 Qd6 69. h4 Kh7 70. Re3 Qd1 71. Rgf3 Qd6+ 72. Kh3
Qd7+ 73. Kh2 Qd6+ 74. g3 Qd2+ 75. Kh3 Qd7+ 76. g4 Qd1 77. Rb3 Qh1+ 78. Kg3 Qe1+
79. Kf4 Qc1+ 80. Ke4 Qc4+ 81. Kf5 Qd5+ 82. Kf4 Qd4+ 83. Kg3 Qg1+ 84. Kh3 Qh1+
85. Kg3 Qg1+ 86. Kf4 Qd4+ 87. Kg3 Qg1+ 88. Kf4 Qd4+ 1/2-1/2

[Event "FIDE World Rapid Team"]
[Site "London ENG"]
[Date "2025.06.11"]
[Round "3.2"]
[White "Wanyama, Harold"]
[Black "Makaraci, Tunahan"]
[Result "0-1"]
[WhiteTitle "FM"]
[BlackTitle "FM"]
[WhiteElo "2143"]
[BlackElo "2233"]
[WhiteTeam "Mother Continent"]
[BlackTeam "Satranc Istanbul"]
[WhiteFideId "10000380"]
[BlackFideId "6356559"]
[EventDate "2025.06.11"]
[EventType "team"]

1. d4 d5 2. c4 e6 3. g3 Nf6 4. Bg2 c5 5. cxd5 exd5 6. Nc3 Nc6 7. Nf3 cxd4 8.
Nxd4 Bc5 9. Nb3 Bb6 10. Nxd5 Be6 11. Nxb6 Qxd1+ 12. Kxd1 axb6 13. Nd2 O-O 14. a3
Nd4 15. e3 Bb3+ 16. Nxb3 Nxb3 17. Rb1 Rac8 18. e4 Rfd8+ 19. Ke1 Nxc1 20. Bf3 Rc2
21. Kf1 Rdd2 22. Ra1 0-1

[Event "FIDE World Rapid Team"]
[Site "London ENG"]
[Date "2025.06.11"]
[Round "3.3"]
[White "Eken, Atakan"]
[Black "George Samir, David"]
[Result "0-1"]
[BlackTitle "FM"]
[WhiteElo "2010"]
[BlackElo "2356"]
[WhiteTeam "Satranc Istanbul"]
[BlackTeam "Mother Continent"]
[WhiteFideId "6375626"]
[BlackFideId "10657789"]
[EventDate "2025.06.11"]
[EventType "team"]

1. e4 c5 2. c3 Nf6 3. e5 Nd5 4. d4 cxd4 5. cxd4 Nc6 6. Nf3 e6 7. Bc4 d6 8. O-O
Be7 9. Qe2 O-O 10. Bd2 Qb6 11. Bc3 Nxc3 12. bxc3 dxe5 13. Nxe5 Nxe5 14. Qxe5 Qb2
15. Qe2 Qxe2 16. Bxe2 Bd7 17. Bf3 Rab8 18. Nd2 Rfc8 19. Rac1 Bg5 20. Rc2 Bxd2
21. Rxd2 Rxc3 22. Rb1 b6 23. d5 e5 24. Re1 f6 25. d6 Rbc8 26. Bd5+ Kf8 27. f4
Rc1 28. Re2 Bb5 29. Re3 exf4 30. Re4 Rxe1+ 31. Rxe1 Rd8 32. Re7 Rxd6 33. Rf7+
Ke8 34. Bb3 Rd1+ 0-1

[Event "FIDE World Rapid Team"]
[Site "London ENG"]
[Date "2025.06.11"]
[Round "3.4"]
[White "Mhango, Banele"]
[Black "Tahaoglu, Ugur Barkin"]
[Result "1-0"]
[WhiteTitle "FM"]
[WhiteElo "2236"]
[BlackElo "2015"]
[WhiteTeam "Mother Continent"]
[BlackTeam "Satranc Istanbul"]
[WhiteFideId "14327040"]
[BlackFideId "6303331"]
[EventDate "2025.06.11"]
[EventType "team"]

1. Nf3 Nf6 2. g3 d5 3. Bg2 c6 4. O-O Bg4 5. Ne5 Bh5 6. d4 Nbd7 7. c4 e6 8. Nc3
Be7 9. Bf4 O-O 10. h3 Nxe5 11. dxe5 Nd7 12. cxd5 cxd5 13. g4 Bg6 14. e4 dxe4 15.
Nxe4 Nc5 16. Nd6 Nd3 17. Bg3 Qb6 18. Qe2 Rad8 19. Nxb7 Rd7 20. Nd6 Nxe5 21. Bxe5
Bxd6 22. Rfd1 Rfd8 23. Rac1 Bc5 24. Rxd7 Rxd7 25. Rc3 h6 26. Rb3 Qa5 27. Rb5
Bxf2+ 28. Kxf2 Qxa2 29. Bc3 Qb1 30. Rb4 a5 31. Rd4 Rxd4 32. Bxd4 1-0

[Event "FIDE World Rapid Team"]
[Site "London ENG"]
[Date "2025.06.11"]
[Round "3.5"]
[White "Kalender, Murat Emre"]
[Black "QUICKPEN, Deborah Ebimobo-ere"]
[Result "0-1"]
[BlackTitle "WCM"]
[WhiteElo "1782"]
[BlackElo "2081"]
[WhiteTeam "Satranc Istanbul"]
[BlackTeam "Mother Continent"]
[WhiteFideId "34531815"]
[BlackFideId "8511616"]
[EventDate "2025.06.11"]
[EventType "team"]

1. d4 Nf6 2. Bf4 c5 3. e3 Qb6 4. Nc3 cxd4 5. exd4 e6 6. a3 Nc6 7. Nb5 Nd5 8. Bd6
Bxd6 9. Nxd6+ Ke7 10. Nxc8+ Raxc8 11. Nf3 Qxb2 12. Bd3 Qc3+ 13. Nd2 Nxd4 14. O-O
Nxc2 15. Bxc2 Qxc2 16. Qe2 Qg6 17. Kh1 Rc2 18. Qd1 Rhc8 19. g3 Nc3 20. Qe1 Qd3
21. Rd1 Nxd1 22. Qxd1 Rxd2 23. Qa1 Qf3+ 24. Kg1 Rcc2 25. Qxg7 Rxf2 26. Qg5+ Kd6
27. Rd1+ Qxd1# 0-1

[Event "FIDE World Rapid Team"]
[Site "London ENG"]
[Date "2025.06.11"]
[Round "3.1"]
[White "Skytte, Rasmus"]
[Black "Williams, Simon K"]
[Result "0-1"]
[WhiteTitle "IM"]
[BlackTitle "GM"]
[WhiteElo "2367"]
[BlackElo "2444"]
[WhiteTeam "Danish Futures"]
[BlackTeam "e-therapeutics"]
[WhiteFideId "1404210"]
[BlackFideId "404454"]
[EventDate "2025.06.11"]
[EventType "team"]

1. e4 e6 2. d4 d5 3. e5 c5 4. c3 Nc6 5. Nf3 Bd7 6. Bd3 Rc8 7. dxc5 Bxc5 8. O-O
f6 9. b4 Bb6 10. Bf4 fxe5 11. Nxe5 Nf6 12. Nd2 O-O 13. Ndf3 Be8 14. Ng5 Qe7 15.
Qe2 h6 16. Ngf3 Nxe5 17. Bxe5 Bh5 18. Rae1 Nd7 19. Bd4 Bxd4 20. cxd4 Rf6 21. Bb5
Nf8 22. a3 Rc3 23. Qe5 Bxf3 24. gxf3 Ng6 25. Qg3 Rcxf3 26. Qg4 Qf7 27. Re2 R3f5
28. Kh1 Rg5 29. Qh3 Nf4 30. Qe3 Nxe2 31. Bxe2 Rgf5 32. f3 Rf4 33. Rc1 Qd7 34.
Qe5 R4f5 35. Qb8+ Rf8 36. Qxa7 Rc8 37. Rg1 Rg5 38. Re1 Qf7 39. Qb6 Qf5 40. Qxb7
Rc2 41. Qb8+ Kh7 42. Qb5 Rc3 43. Rd1 Rg6 44. Rd3 Qg5 0-1

[Event "FIDE World Rapid Team"]
[Site "London ENG"]
[Date "2025.06.11"]
[Round "3.2"]
[White "Pert, Richard G"]
[Black "Kistrup, Nicolai"]
[Result "1-0"]
[WhiteTitle "IM"]
[BlackTitle "IM"]
[WhiteElo "2416"]
[BlackElo "2381"]
[WhiteTeam "e-therapeutics"]
[BlackTeam "Danish Futures"]
[WhiteFideId "404748"]
[BlackFideId "1444816"]
[EventDate "2025.06.11"]
[EventType "team"]

1. d4 Nf6 2. Nf3 e6 3. Bf4 c5 4. e3 d5 5. Nbd2 Qb6 6. Rb1 Bd6 7. dxc5 Qxc5 8.
Bd3 Bxf4 9. exf4 O-O 10. O-O b6 11. Qe2 a5 12. Nb3 Qc7 13. Ne5 Ba6 14. Nd4 Rc8
15. Rfe1 Bxd3 16. cxd3 Qd6 17. f5 Na6 18. Qf3 Nc5 19. h3 Re8 20. Re2 exf5 21.
Nxf5 Qe6 22. Rbe1 Nce4 23. Ng4 Nxg4 24. Qxg4 g6 25. dxe4 Qf6 26. Ng3 d4 27. e5 1-0

[Event "FIDE World Rapid Team"]
[Site "London ENG"]
[Date "2025.06.11"]
[Round "3.3"]
[White "Nilssen, Ellen Fredericia"]
[Black "Mortazavi, Ali"]
[Result "1-0"]
[WhiteTitle "WIM"]
[BlackTitle "IM"]
[WhiteElo "2160"]
[BlackElo "2333"]
[WhiteTeam "Danish Futures"]
[BlackTeam "e-therapeutics"]
[WhiteFideId "1441230"]
[BlackFideId "401323"]
[EventDate "2025.06.11"]
[EventType "team"]

1. d4 Nf6 2. c4 g6 3. Nc3 Bg7 4. Nf3 O-O 5. g3 d6 6. Bg2 Nbd7 7. O-O e5 8. e4 c6
9. h3 Qa5 10. Be3 Nb6 11. Qd3 Be6 12. d5 cxd5 13. cxd5 Bd7 14. Rfc1 Rfc8 15. Nd2
Na4 16. Nxa4 Qxa4 17. b3 Qa3 18. Nc4 Qa6 19. a4 Bf8 20. Bf1 b6 21. f3 Nh5 22.
Kh2 f5 23. exf5 gxf5 24. f4 e4 25. Qd1 Nf6 26. Nxb6 Rxc1 27. Rxc1 Qb7 28. Nxa8
Qxa8 29. Qd4 Be7 30. Rc7 Qb8 31. Qc4 Qe8 32. Rxa7 Kf7 33. Bd4 Bd8 34. Be2 e3 35.
Ra8 Qe7 36. Bf3 Kg6 37. Qe2 h5 38. Qxe3 Ne4 39. Qe2 h4 40. g4 Kh6 41. Bxe4 fxe4
42. Rxd8 Qxd8 43. Qxe4 Be8 44. Qe6+ Kh7 45. Bf6 Qb6 46. Qe7+ Kg6 47. Qg7# 1-0

[Event "FIDE World Rapid Team"]
[Site "London ENG"]
[Date "2025.06.11"]
[Round "3.4"]
[White "Sivanandan, Bodhana"]
[Black "Skytte, Robert"]
[Result "1-0"]
[WhiteTitle "WFM"]
[BlackTitle "CM"]
[WhiteElo "2109"]
[BlackElo "2015"]
[WhiteTeam "e-therapeutics"]
[BlackTeam "Danish Futures"]
[WhiteFideId "497592"]
[BlackFideId "1471775"]
[EventDate "2025.06.11"]
[EventType "team"]

1. e4 c5 2. Nf3 Nc6 3. Bb5 g6 4. O-O Bg7 5. c3 Nf6 6. Re1 O-O 7. d4 d5 8. e5 Ne4
9. Bxc6 bxc6 10. Be3 cxd4 11. cxd4 Rb8 12. Qc1 f6 13. exf6 exf6 14. Nbd2 Bf5 15.
Nxe4 Bxe4 16. Nd2 Bf5 17. Nb3 Qb6 18. Bf4 Rbc8 19. Nc5 Rfe8 20. Qc3 Bf8 21. h3
Bxc5 22. dxc5 Qb5 23. Qxf6 Qxc5 24. Bh6 1-0

[Event "FIDE World Rapid Team"]
[Site "London ENG"]
[Date "2025.06.11"]
[Round "3.5"]
[White "Derlich, Sarah Sima"]
[Black "Pert, Max"]
[Result "1/2-1/2"]
[WhiteTitle "WCM"]
[BlackTitle "FM"]
[WhiteElo "1926"]
[BlackElo "2277"]
[WhiteTeam "Danish Futures"]
[BlackTeam "e-therapeutics"]
[WhiteFideId "1469290"]
[BlackFideId "456845"]
[EventDate "2025.06.11"]
[EventType "team"]

1. e4 e5 2. Nf3 Nc6 3. Bc4 Nf6 4. d3 h6 5. O-O d6 6. c3 g5 7. Re1 Bg7 8. h3 g4
9. hxg4 Bxg4 10. Qb3 Qd7 11. Nh2 Na5 12. Qb5 Nxc4 13. Qxc4 Be6 14. Qb4 a5 15.
Qa3 O-O 16. Be3 b5 17. b3 a4 18. b4 Kh7 19. Nd2 Ng8 20. Qc1 Ne7 21. Qd1 f5 22.
exf5 Nxf5 23. Ne4 Qf7 24. Qf3 Qg6 25. Kh1 Nxe3 26. Qxe3 Rf5 27. Ng3 Rf4 28. Re2
Raf8 29. Kg1 Bd5 30. Ne4 h5 31. f3 Bh6 32. Qf2 h4 33. Kh1 Bxe4 34. dxe4 Rxe4 35.
Rae1 Rxe2 36. Rxe2 Rf4 37. Ng4 Qh5 38. Kh2 Bg5 39. Qa7 Qf7 40. Qb7 Qc4 41. Rf2
Qxc3 42. Qxb5 Qc4 43. Qxa4 Qf7 44. Qc2+ Kg7 45. a3 Rc4 46. Qd3 Bf4+ 47. Kg1 Rc1+
48. Rf1 Rxf1+ 49. Kxf1 Qa2 50. Ne3 Qa1+ 51. Nd1 Bg3 52. Qc2 Kh6 53. Ke2 Qxa3 54.
Qe4 Qa2+ 55. Kf1 Qd2 56. Qe3+ Qxe3 57. Nxe3 Bf4 58. Nd5 c6 59. Ne7 Kg5 60. Nxc6
Kf6 61. Ke2 Ke6 62. b5 Kd7 63. Kd3 d5 64. Nb4 Kd6 65. Na6 Bg5 66. b6 Kc6 67.
Nb4+ Kxb6 68. Nxd5+ Kc5 69. Ke4 Kd6 70. Nb6 Bf4 71. Nd5 Bg3 72. Ne3 Ke6 73. Nc4
Bf4 74. Nb6 Bg3 1/2-1/2

[Event "FIDE World Rapid Team"]
[Site "London ENG"]
[Date "2025.06.11"]
[Round "3.6"]
[White "Mortazavi, Sami"]
[Black "Andries, Leia"]
[Result "0-1"]
[WhiteElo "1805"]
[BlackElo "1830"]
[WhiteTeam "e-therapeutics"]
[BlackTeam "Danish Futures"]
[WhiteFideId "343443834"]
[BlackFideId "1469207"]
[EventDate "2025.06.11"]
[EventType "team"]

1. e4 c5 2. Nf3 Nc6 3. Bb5 g6 4. c3 Bg7 5. d4 cxd4 6. cxd4 Qb6 7. Bxc6 bxc6 8.
O-O Nf6 9. Nc3 O-O 10. Re1 d6 11. h3 Rd8 12. Qc2 Bd7 13. Bf4 Rab8 14. b3 Rbc8
15. Qd2 c5 16. Na4 Bxa4 17. bxa4 cxd4 18. a5 Qb5 19. Nxd4 Qb7 20. Rab1 Qd7 21.
Nf3 Qc6 22. Qe3 Qd7 23. a6 Rc7 24. Rb3 Qc8 25. Qd3 Nd7 26. Rd1 Nc5 27. Qd5 Nxb3
28. Qxb3 e5 29. Bg5 Rdd7 30. h4 h6 31. Be3 Qxa6 32. Ne1 Rb7 33. Qd5 Qb5 34. Qd2
Kh7 35. Nd3 a5 36. Nc1 a4 37. Ne2 a3 38. Nc3 Qb2 39. Qd3 Rbc7 40. Bd2 Qb7 41.
Nd5 Rc8 42. Rb1 Qc6 43. Rc1 Qa8 44. Nb6 Rxc1+ 45. Bxc1 Qc6 46. Nxd7 Qxc1+ 47.
Kh2 Qb2 48. Qd5 Qxf2 49. Kh3 Qe3+ 50. Kh2 Qf4+ 51. Kh3 h5 52. g3 Qg4+ 53. Kh2
Qxd7 0-1

[Event "FIDE World Rapid Team"]
[Site "London ENG"]
[Date "2025.06.11"]
[Round "3.1"]
[White "Schneider, Ilja"]
[Black "Villiers, Thomas"]
[Result "1/2-1/2"]
[WhiteTitle "IM"]
[BlackTitle "CM"]
[WhiteElo "2417"]
[BlackElo "2158"]
[WhiteTeam "Berlin Chess Federation"]
[BlackTeam "Hammersmith Chess Club"]
[WhiteFideId "4663306"]
[BlackFideId "427209"]
[EventDate "2025.06.11"]
[EventType "team"]

1. e4 e5 2. Nf3 Nc6 3. Bb5 Nf6 4. O-O Nxe4 5. Re1 Nd6 6. Nxe5 Nxe5 7. Rxe5+ Be7
8. Bf1 O-O 9. d4 Bf6 10. Re1 Re8 11. c3 Rxe1 12. Qxe1 b6 13. Bf4 Qe7 14. Na3 Bb7
15. Qxe7 Bxe7 16. Re1 Kf8 17. Bxd6 Bxd6 18. Nb5 Bf4 19. g3 a6 20. gxf4 axb5 21.
Bxb5 Rxa2 22. Bxd7 g6 23. f5 Kg7 24. fxg6 hxg6 25. b3 Rb2 26. Ba4 f5 27. c4 Be4
28. f3 Bxf3 29. Re7+ Kf6 30. Rxc7 Rg2+ 31. Kf1 Rxh2 32. d5 g5 33. d6 Rh8 34. d7
Ke7 35. b4 g4 36. Rc8 Rd8 37. c5 bxc5 38. bxc5 Rxd7 39. Bxd7 Kxd7 40. Rf8 Bd5
41. Rxf5 Kc6 42. Kf2 Kxc5 43. Rg5 Kd4 44. Rxg4+ Kc3 45. Ke3 Kb2 46. Kd4 Ba2 47.
Rg2+ Ka1 48. Kc3 Bb1 49. Kb3 Be4 50. Rg5 Bh7 51. Rh5 Bg8+ 52. Kc2 Bf7 53. Ra5+
Ba2 54. Kc3 Kb1 55. Rb5+ Ka1 56. Kc2 Bf7 57. Rb1+ Ka2 58. Rb6 Ka1 59. Rf6 Bg8
60. Rf8 Bd5 61. Rf1+ Ka2 62. Rf4 Ka1 63. Rf1+ Ka2 64. Kc3 Be4 65. Rf2+ Ka1 66.
Kb3 Bd5+ 67. Kc2 Be4+ 68. Kc1 Bb1 69. Rf8 Ba2 70. Kc2 Bd5 71. Rf1+ Ka2 72. Rf4
Ka1 73. Rd4 Bf7 74. Rd1+ Ka2 75. Rd6 Ka1 76. Ra6+ Ba2 77. Rxa2+ Kxa2 1/2-1/2

[Event "FIDE World Rapid Team"]
[Site "London ENG"]
[Date "2025.06.11"]
[Round "3.2"]
[White "Hill, Alistair"]
[Black "Fromm, Marius"]
[Result "0-1"]
[BlackTitle "IM"]
[WhiteElo "2178"]
[BlackElo "2444"]
[WhiteTeam "Hammersmith Chess Club"]
[BlackTeam "Berlin Chess Federation"]
[WhiteFideId "432407"]
[BlackFideId "12993190"]
[EventDate "2025.06.11"]
[EventType "team"]

1. c4 e5 2. g3 c6 3. Bg2 d5 4. cxd5 cxd5 5. d4 e4 6. Nc3 Bb4 7. Nh3 Nf6 8. Bg5
Nbd7 9. O-O Bxc3 10. bxc3 h6 11. Bc1 O-O 12. f3 Re8 13. Nf2 Nb6 14. fxe4 dxe4
15. Qc2 Bf5 16. Nd1 Be6 17. Ne3 Rc8 18. Bd2 Nbd5 19. Rab1 b6 20. Nxd5 Bxd5 21.
Bf4 e3 22. Be5 Bxg2 23. Kxg2 Qd5+ 24. Kg1 Ne4 25. Rb3 Nd2 26. Rf5 Nxb3 27. Bxg7
Nxd4 28. Bxd4 Qxd4 29. Rf4 Qe5 30. Rg4+ Kh8 0-1

[Event "FIDE World Rapid Team"]
[Site "London ENG"]
[Date "2025.06.11"]
[Round "3.3"]
[White "Florstedt, Johannes"]
[Black "Hanache, Kai"]
[Result "0-1"]
[WhiteTitle "FM"]
[WhiteElo "2391"]
[BlackElo "2149"]
[WhiteTeam "Berlin Chess Federation"]
[BlackTeam "Hammersmith Chess Club"]
[WhiteFideId "12922293"]
[BlackFideId "490105"]
[EventDate "2025.06.11"]
[EventType "team"]

1. Nf3 Nf6 2. c4 g6 3. Nc3 d5 4. cxd5 Nxd5 5. h4 h5 6. Qb3 Nb6 7. Ng5 e6 8. Nce4
Bg7 9. e3 Qd5 10. Qc2 Nc6 11. a3 e5 12. b4 Bf5 13. Bb2 f6 14. Nxf6+ Bxf6 15. e4
Nd4 16. Qd3 Bxg5 17. exf5 Bf6 18. fxg6 e4 19. Qb1 Nb3 20. d3 Bxb2 21. Qxb2 O-O-O
22. Rd1 Rhe8 23. d4 Nxd4 24. Be2 Qe5 25. Rxd4 Rxd4 26. O-O Rd6 27. Qb3 Rxg6 28.
Rc1 Reg8 29. Bf1 e3 30. fxe3 Nd5 31. Re1 Nf4 32. Kf2 Nxg2 33. Rd1 Re8 34. Rd3
Qg3+ 35. Ke2 Nf4+ 0-1

[Event "FIDE World Rapid Team"]
[Site "London ENG"]
[Date "2025.06.11"]
[Round "3.4"]
[White "Franco, Gaston"]
[Black "Schulze, Lara"]
[Result "0-1"]
[BlackTitle "FM"]
[WhiteElo "2088"]
[BlackElo "2317"]
[WhiteTeam "Hammersmith Chess Club"]
[BlackTeam "Berlin Chess Federation"]
[WhiteFideId "117722"]
[BlackFideId "12956830"]
[EventDate "2025.06.11"]
[EventType "team"]

1. e4 e5 2. Nf3 Nc6 3. Bb5 a6 4. Ba4 Nf6 5. O-O d6 6. Re1 Bd7 7. c3 g6 8. d4 Bg7
9. Nbd2 O-O 10. Bc2 exd4 11. cxd4 Bg4 12. h3 Bd7 13. b3 Nh5 14. Nc4 Nb4 15. Bb1
b5 16. Ne3 c5 17. Bb2 Nf4 18. Qd2 Qf6 19. e5 Qe7 20. a3 Nc6 21. Be4 Rad8 22. Nd5
Nxd5 23. Bxd5 Nxd4 24. Bxd4 cxd4 25. Qxd4 dxe5 26. Qe3 e4 27. Rad1 Qxa3 28. Qxe4
Bf5 29. Qf4 Qc5 30. b4 Qc3 31. Qh4 Qf6 32. Qxf6 Bxf6 33. Bb7 Bc3 34. Rxd8 Rxd8
35. Rc1 Bxb4 36. Bxa6 Ba3 37. Re1 b4 38. Bc4 Be6 39. Bxe6 fxe6 40. Rb1 Rc8 41.
Nd4 e5 42. Nb3 Rc2 43. Kf1 Kf7 44. Ke1 Ke6 45. Nd2 Kd5 46. Kd1 Ra2 47. Rb3 Ra1+
48. Kc2 Rc1+ 49. Kd3 Rg1 50. g3 Rd1 51. Ke2 Rc1 52. Nf1 Rc2+ 53. Ke1 Kc4 54. Re3
Rc1+ 55. Ke2 Bb2 56. Nd2+ Kb5 57. Rb3 Bd4 58. Nf3 Rc2+ 59. Kd3 Rxf2 60. Nxd4+
exd4 61. Kxd4 Ka4 62. Rb1 b3 63. Kc4 Rc2+ 64. Kd3 Kb4 65. Ra1 Rg2 66. g4 b2 67.
Rb1 Kb3 68. Kd4 0-1

[Event "FIDE World Rapid Team"]
[Site "London ENG"]
[Date "2025.06.11"]
[Round "3.5"]
[White "Rath, Alina"]
[Black "Ciocan, Maria-Alexandra"]
[Result "0-1"]
[WhiteTitle "CM"]
[WhiteElo "2019"]
[BlackElo "1998"]
[WhiteTeam "Berlin Chess Federation"]
[BlackTeam "Hammersmith Chess Club"]
[WhiteFideId "24607886"]
[BlackFideId "1227130"]
[EventDate "2025.06.11"]
[EventType "team"]

1. c4 e5 2. Nc3 Nc6 3. g3 f5 4. Bg2 Nf6 5. d3 Bb4 6. Bd2 O-O 7. e3 Bxc3 8. Bxc3
d6 9. Nf3 Qe8 10. O-O Qh5 11. Nd2 Qh6 12. b4 f4 13. exf4 Bh3 14. b5 Ne7 15. Re1
Ng4 16. Bf3 Qg6 17. Be4 Nf5 18. Bd5+ Kh8 19. fxe5 dxe5 20. Bf3 Nd4 21. Bxd4 exd4
22. Re4 Nh6 23. Rxd4 Rab8 24. Qe2 Nf5 25. Rf4 Qf6 26. Re1 Qb6 27. Be4 Nd4 28.
Rxf8+ Rxf8 29. Qh5 Bf5 30. Re3 g6 31. Qh4 Nc2 32. Re2 Nd4 33. Re3 Nc2 34. Re2
Nd4 35. Re1 Re8 36. Kg2 Nc2 37. Rc1 Bxe4+ 38. Nxe4 Nb4 39. Rd1 Nxa2 40. Qf4 Qd4
41. Qxc7 Nb4 42. Qxb7 Nxd3 43. Rf1 Qxe4+ 0-1